Địa lí 7
Sách giới thiệu chung về môn Địa lí 7 và hướng dẫn giảng dạy cụ thể các môi trường địa lí. Giúp giáo viên nâng cao hiệu quả giảng dạy.
Saved in:
| Main Author: | |
|---|---|
| Format: | Book |
| Language: | Undetermined |
| Published: |
Hà Nội
Giáo dục Việt Nam
2010
|
| Subjects: | |
| Tags: |
Add Tag
No Tags, Be the first to tag this record!
|
| Institutions: | Trung tâm Học liệu Trường Đại học Cần Thơ |
|---|
| LEADER | 00833nam a2200217Ia 4500 | ||
|---|---|---|---|
| 001 | CTU_159035 | ||
| 008 | 210402s9999 xx 000 0 und d | ||
| 020 | |c 10100 | ||
| 082 | |a 910.712 | ||
| 082 | |b X500/L.7 | ||
| 100 | |a Phan, Huy Xu | ||
| 245 | 0 | |a Địa lí 7 | |
| 245 | 0 | |c Phan Huy Xu (Chủ biên), Nguyễn Hữu Danh, Mai Phú Thành | |
| 260 | |a Hà Nội | ||
| 260 | |b Giáo dục Việt Nam | ||
| 260 | |c 2010 | ||
| 520 | |a Sách giới thiệu chung về môn Địa lí 7 và hướng dẫn giảng dạy cụ thể các môi trường địa lí. Giúp giáo viên nâng cao hiệu quả giảng dạy. | ||
| 650 | |a Geograpgy | ||
| 650 | |x Study and teaching (Secondary) | ||
| 904 | |i Bé Ba, Bạch Trúc | ||
| 980 | |a Trung tâm Học liệu Trường Đại học Cần Thơ | ||